Official history of the Russo-Japanese war... (Record no. 553019)

000 -LEADER
fixed length control field 00441nam a2200157u 4500
082 ## - DEWEY DECIMAL CLASSIFICATION NUMBER
Classification number 951.0310223
Author Mark OFF
110 1# - MAIN ENTRY--CORPORATE NAME
Corporate name or jurisdiction name as entry element Great Britain.
9 (RLIN) 39715
245 00 - TITLE STATEMENT
Title Official history of the Russo-Japanese war...
260 ## - PUBLICATION, DISTRIBUTION, ETC.
Place of publication, distribution, etc. [n.p.,
Date of publication, distribution, etc. n.d.]
300 ## - PHYSICAL DESCRIPTION
Extent v.
Dimensions cm.
526 ## - STUDY PROGRAM INFORMATION NOTE
Program name 0
Interest level 0
Reading level 0
Title point value 951_031022300000000_OFF
526 ## - STUDY PROGRAM INFORMATION NOTE
Program name 0
Interest level 0
Reading level 0
Title point value 951_031022300000000_OFF
526 ## - STUDY PROGRAM INFORMATION NOTE
Program name 0
Interest level 0
Reading level 0
Title point value 952_031000000000000_RUS
650 ## - SUBJECT ADDED ENTRY--TOPICAL TERM
Topical term or geographic name entry element MCE
9 (RLIN) 379
942 ## - ADDED ENTRY ELEMENTS (KOHA)
Source of classification or shelving scheme
Koha item type Book
Holdings
Withdrawn status Lost status Source of classification or shelving scheme Damaged status Not for loan Permanent Location Current Location Shelving location Date acquired Total Checkouts Full call number Barcode Date last seen Price effective from Koha item type
          Military College of Engineering (MCE) Military College of Engineering (MCE)   01/28/2015   951.0310223 OFF MCE-ECO/23 01/28/2015 03/14/2021 Book
          Military College of Engineering (MCE) Military College of Engineering (MCE)   01/28/2015   951.0310223 OFF MCE-ECO/22 01/28/2015 01/28/2015 Book
          Military College of Engineering (MCE) Military College of Engineering (MCE)   01/29/2015   952.031 RUS MCE-ECG/50 01/29/2015 01/29/2015 Book
© 2023 Central Library, National University of Sciences and Technology. All Rights Reserved.